UBT Library

Gjuha e Urrejtjes ndaj Grave ne Internet (Record no. 60758)

000 -LEADER
fixed length control field 00325nam a22001337a 4500
008 - FIXED-LENGTH DATA ELEMENTS--GENERAL INFORMATION
fixed length control field 260123b ||||| |||| 00| 0 eng d
020 ## - INTERNATIONAL STANDARD BOOK NUMBER
International Standard Book Number 9789928479501
041 ## - LANGUAGE CODE
Language code of text/sound track or separate title eng
080 ## - UNIVERSAL DECIMAL CLASSIFICATION NUMBER
Universal Decimal Classification number 0002
100 ## - Rafti
Rafti 25
101 ## - Shkurtesa
Shkurtesa GAZ
245 ## - TITLE STATEMENT
Title Gjuha e Urrejtjes ndaj Grave ne Internet
Statement of responsibility, etc Richardson Self , Louise
942 ## - ADDED ENTRY ELEMENTS (KOHA)
Source of classification or shelving scheme
Item type Books
Holdings
Withdrawn status Lost status Source of classification or shelving scheme Damaged status Not for loan Collection code Permanent location Current location Date acquired Total Checkouts Barcode Date last seen Price effective from Koha item type
          Koleksioni i përgjithshem UBT - Lipjan UBT - Lipjan 01/23/2026   002-800070999356 01/23/2026 01/23/2026 Books
UBT Library © 2015-2024. All rights reserved University Education for Business and Technology